[Event "AUTO-INT-2237"]
[Site "http://www.queenalice.com/game.php?id=1024433"]
[Date "2012.2.1"]
[Round "1"]
[White "Clausimausi"]
[Black "cesarcalegari"]
[Result "1-0"]
[WhiteElo "1537"]
[BlackElo "1341"]

1. e4 e6 2. Nf3 f5 3. exf5 Qe7 4. fxe6 Qxe6+ 5. Be2 Nc6 6. O-O h6 7. Re1 g6 8.
Bc4 Qxe1+ 9. Qxe1+ Be7 10. Bxg8 Rxg8 11. d4 Nxd4 12. Nxd4 d5 13. Nb5 Rf8 14.
Nxc7+ Kf7 15. Nxa8 Bc5 16. Bxh6 Re8 17. Be3 d4 18. Nc7 Re7 19. Nd5 Re8 20. c3
dxc3 21. Nbxc3 Bd4 22. Nc7 Re7 23. N7d5 Re5 24. Rd1 Bxc3 25. Nxc3 Ra5 26. Ne4
Kg8 27. Qxa5 b6 28. Qxa7 b5 29. Rd8# 1-0

[Event "AUTO-INT-2237"]
[Site "http://www.queenalice.com/game.php?id=1024434"]
[Date "2012.2.1"]
[Round "1"]
[White "cesarcalegari"]
[Black "Clausimausi"]
[Result "0-1"]
[WhiteElo "1333"]
[BlackElo "1557"]

1. e3 e5 2. Qf3 Nf6 3. Bc4 Nc6 4. g4 d6 5. g5 e4 6. Qf4 d5 7. Bb3 Bd6 8. Qh4 Nd7
9. c4 Nde5 10. cxd5 Ng6 11. Qxe4+ Nce7 12. Nf3 O-O 13. Nc3 Bf5 14. Qc4 Re8 15.
e4 Bd7 16. d4 c6 17. O-O b5 18. Qe2 Nf5 19. a4 b4 20. Nd1 Nf4 21. Qc2 Nh3+ 22.
Kh1 Ne7 23. Ne3 Nf4 24. Nc4 cxd5 25. exd5 Bh3 26. Rg1 Neg6 27. a5 Re2 28. Qd1
Rxf2 29. Re1 Bg2+ 30. Kg1 Nh3# 0-1

[Event "AUTO-OPEN-2766"]
[Site "http://www.queenalice.com/game.php?id=1093649"]
[Date "2012.8.16"]
[Round "1"]
[White "cesarcalegari"]
[Black "CaioPoeta"]
[Result "0-1"]
[WhiteElo "1373"]
[BlackElo "2046"]

1. e4 c5 2. Qf3 e6 3. Bc4 Nc6 4. Nh3 Nf6 5. O-O Be7 6. Nc3 Ne5 7. Qe2 Nxc4 8.
Qxc4 d5 9. Qb5+ Qd7 10. Ng5 d4 11. Qd3 dxc3 12. dxc3 Qxd3 13. cxd3 h6 14. Nh3 b6
15. f4 Bb7 16. e5 Nd5 17. c4 Nb4 18. a3 Nxd3 19. Bd2 Nxb2 20. f5 Nxc4 21. Bc3
exf5 22. Rxf5 Bxg2 23. Kxg2 Ne3+ 24. Kh1 Nxf5 25. Rf1 Ne3 26. Re1 Nd5 27. Ba1
O-O-O 28. e6 f6 29. a4 g5 30. Re4 Rhf8 31. Nf2 f5 32. Rc4 f4 33. Ne4 Ne3 34. Rc1
f3 35. Kg1 g4 36. Rc3 Rd1+ 37. Kf2 Rxa1 38. Rxe3 Rxa4 0-1

[Event "AUTO-OPEN-2766"]
[Site "http://www.queenalice.com/game.php?id=1093650"]
[Date "2012.8.16"]
[Round "1"]
[White "CaioPoeta"]
[Black "cesarcalegari"]
[Result "1-0"]
[WhiteElo "1931"]
[BlackElo "1365"]

1. e4 f6 2. d4 d5 3. e5 Nc6 4. f4 Nh6 5. Bd3 Bg4 6. Be2 f5 7. Bxg4 Nxg4 8. h3
Nh6 9. Nf3 e6 10. O-O g6 11. c4 dxc4 12. Nc3 Nb4 13. a3 Nd3 14. Qa4+ c6 15. Qxc4
Qe7 16. Qxd3 b5 17. Be3 Nf7 18. Rac1 Bh6 19. b4 O-O 20. Ne2 g5 21. fxg5 Nxg5 22.
Nxg5 Bxg5 23. Bxg5 Qxg5 24. Qg3 h6 25. Qb3 Rae8 26. Rxc6 Kh8 27. Rxe6 Rg8 28.
Nf4 h5 29. Rxe8 Rxe8 30. Qf7 Rg8 31. Qxh5+ Qxh5 32. Nxh5 a6 33. Rxf5 1-0

[Event "AUTO-INT-2409"]
[Site "http://www.queenalice.com/game.php?id=1093861"]
[Date "2012.8.17"]
[Round "1"]
[White "ipontelo"]
[Black "cesarcalegari"]
[Result "1-0"]
[WhiteElo "1678"]
[BlackElo "1324"]

1. e4 e5 2. Nf3 Qf6 3. Bc4 Bc5 4. O-O a6 5. d3 Nh6 6. Ng5 Ng4 7. Qxg4 Nc6 8. Qh5
g6 9. Qh3 Qxg5 10. Bxg5 b5 11. Bd5 Bb7 12. Qf3 h6 13. Qxf7# 1-0

[Event "AUTO-INT-2409"]
[Site "http://www.queenalice.com/game.php?id=1093862"]
[Date "2012.8.17"]
[Round "1"]
[White "cesarcalegari"]
[Black "ipontelo"]
[Result "0-1"]
[WhiteElo "1369"]
[BlackElo "1669"]

1. e4 e5 2. Qf3 Nf6 3. Bc4 Bc5 4. g4 h6 5. Nc3 d6 6. h4 Bxg4 7. Qg3 Nc6 8. a3 h5
9. b4 Bd4 10. f3 Bxc3 11. dxc3 Nxe4 12. Qh2 d5 13. Bb3 Bxf3 14. Nxf3 Nxc3 15.
O-O e4 16. Ng5 f6 17. Qf4 Ne2+ 18. Kh1 Nxf4 19. Rxf4 fxg5 20. hxg5 Rf8 21. Rxf8+
Kxf8 22. Bb2 Qxg5 23. Rf1+ Kg8 24. c4 Rf8 25. Rg1 Qe7 26. cxd5 Qh4+ 27. Kg2 Qf2+
28. Kh1 Qxb2 29. Bd1 Rf2 30. dxc6 Rh2# 0-1

[Event "AUTO-INT-2409"]
[Site "http://www.queenalice.com/game.php?id=1093873"]
[Date "2012.8.17"]
[Round "1"]
[White "Mariojose"]
[Black "cesarcalegari"]
[Result "1-0"]
[WhiteElo "1498"]
[BlackElo "1352"]

1. e4 e5 2. Nc3 Qf6 3. Nd5 Qd6 4. Qf3 c6 5. Nc3 Nf6 6. Bc4 b5 7. Bxb5 cxb5 8.
Nxb5 Qb6 9. a4 a5 10. Qb3 Nxe4 11. Nh3 d6 12. O-O Be6 13. Qf3 Be7 14. Qxe4 d5
15. Qe3 d4 16. Qe4 Nc6 17. d3 f5 18. Qe2 Bd5 19. Bd2 e4 20. Nf4 Rd8 21. c3 Ne5
22. Nxd5 Qg6 23. Nf4 Qf6 24. Nd5 Qh4 25. dxe4 d3 26. Qe3 Ng4 27. Qg3 Qh6 28.
Bxh6 gxh6 29. h3 Ne5 30. Qxe5 Rg8 31. Qxe7# 1-0

[Event "AUTO-INT-2409"]
[Site "http://www.queenalice.com/game.php?id=1093874"]
[Date "2012.8.17"]
[Round "1"]
[White "cesarcalegari"]
[Black "Mariojose"]
[Result "0-1"]
[WhiteElo "1383"]
[BlackElo "1442"]

1. e4 e5 2. Qf3 Nc6 3. Bc4 Nh6 4. g4 Nd4 5. Qe3 Nxc2+ 6. Ke2 Nxe3 7. fxe3 Nxg4
8. Nh3 Qh4 9. Kd1 Nf2+ 10. Kc2 Nxh1 11. d4 Qxh3 12. Nc3 Nf2 13. Bd2 Qg2 14. Rf1
f6 15. dxe5 Qxf1 16. Bxf1 fxe5 17. h4 d6 18. Nd5 Kd8 19. Be1 Nxe4 20. h5 Be6 21.
Bh4+ Nf6 22. Nxf6 Be7 23. b4 gxf6 24. h6 Rg8 25. a4 Rg4 26. Be1 Rg1 27. Bc3 Rxf1
0-1

[Event "AUTO-INT-2409"]
[Site "http://www.queenalice.com/game.php?id=1093881"]
[Date "2012.8.17"]
[Round "1"]
[White "cesarcalegari"]
[Black "CaioPoeta"]
[Result "0-1"]
[WhiteElo "1342"]
[BlackElo "1966"]

1. e4 c5 2. Bc4 e6 3. Nf3 Nc6 4. Nc3 d6 5. O-O Nf6 6. a3 Be7 7. b4 cxb4 8. axb4
Nxb4 9. Bb5+ Bd7 10. Ba3 Nc6 11. d4 O-O 12. d5 Ne5 13. Qd2 Nxf3+ 14. gxf3 e5 15.
f4 Nh5 16. Ne2 Bxb5 17. Rab1 Bxe2 18. Qxe2 Nxf4 19. Qg4 Qc8 20. Qf3 Qxc2 21.
Rxb7 Rfe8 22. Rb2 Qd3 23. Qg4 Qxe4 24. f3 Qe3+ 25. Rbf2 Qxa3 26. Rg2 Nxg2 27.
Qxg2 a5 28. Kh1 a4 29. Rg1 Bf8 30. h4 Qe3 31. h5 a3 32. h6 Qxh6+ 33. Qh2 Qxh2+
34. Kxh2 a2 35. Kh3 a1=Q 36. Rxa1 Rxa1 0-1

[Event "Challenge"]
[Site "http://www.queenalice.com/game.php?id=1095979"]
[Date "2012.8.24"]
[Round "-"]
[White "cesarcalegari"]
[Black "lala"]
[Result "1-0"]
[WhiteElo "1320"]
[BlackElo "1516"]

1. e4 e5 2. Nf3 d6 3. d4 f6 4. g4 Bxg4 5. h3 Bd7 6. Bc4 Ne7 7. Nc3 Qc8 8. Be3
Bxh3 9. Rxh3 Qxh3 10. Nb5 Qd7 11. Qd2 a6 12. Be6 Qxb5 13. b3 exd4 14. Nxd4 Qh5
15. Rd1 c5 16. Nf5 Nbc6 17. Ng3 Qg6 18. Qxd6 Nd5 19. Qd7# 1-0

[Event "Challenge"]
[Site "http://www.queenalice.com/game.php?id=1095980"]
[Date "2012.8.24"]
[Round "-"]
[White "lala"]
[Black "cesarcalegari"]
[Result "1-0"]
[WhiteElo "1495"]
[BlackElo "1363"]

1. d4 d5 2. e3 Nf6 3. g3 Bg4 4. Qd3 c6 5. h3 h5 6. hxg4 Nxg4 7. Bh3 Nh6 8. c3
Qa5 9. Nf3 e6 10. O-O Na6 11. b4 Nxb4 12. cxb4 Qxb4 13. Bd2 Qb6 14. Nc3 c5 15.
Nb5 cxd4 16. Qc2 Qxb5 17. exd4 f5 18. Ne5 g5 19. Bxg5 Nf7 20. Rab1 Bb4 21. a4
Qb6 22. Ng6 Nxg5 23. Bg2 Kf7 24. Nxh8+ Kg8 25. Ng6 Qxd4 26. Qc1 Qf6 27. Nf4 e5
28. Nxd5 Qd8 29. Rxb4 Rc8 30. Qa3 f4 31. Rxb7 f3 32. Qb3 fxg2 33. Ne7+ Kf8 34.
Qg8# 1-0